|
|
|
|
| LEADER |
00000cam a2200000 7i4500 |
| 001 |
0000000692 |
| 005 |
20000922.0 |
| 020 |
0 |
0 |
|a 9679784851
|
| 090 |
0 |
0 |
|a 338.109595
|b SIV 1993
|
| 100 |
1 |
0 |
|a SIVALINGAM
|h G.
|
| 245 |
1 |
0 |
|a Malaysia's agricultural transformation
|c G. Sivalingam
|
| 260 |
0 |
0 |
|a Petaling Jaya, Selangor :
|b Pelanduk Pub. ,
|c 1993
|
| 300 |
|
|
|a 218 p. ;
|c 22 cm.
|
| 500 |
0 |
0 |
|a Bibliography: p.[[189]-212] and index
|
| 650 |
0 |
0 |
|a Agricultural innovations
|z Malaysia
|
| 650 |
0 |
0 |
|a Agriculture and state
|z Malaysia
|
| 650 |
0 |
0 |
|a Agriculture
|z Malaysia
|
| 999 |
|
|
|a 0000000147
|b Monograph
|c Open Shelf
|e Default branch
|